| 000 | 01299cam a2200313 a 4500 | ||
|---|---|---|---|
| 001 | 673374 | ||
| 005 | 20080307104853.0 | ||
| 008 | 951002s1996 nyua b 001 0 eng | ||
| 010 | _a 95044878 | ||
| 020 | _a0387946020 (New York : hardcover : acidfree ppaer) | ||
| 040 |
_aDLC _cDLC _dDLC |
||
| 050 | 0 | 0 |
_aQ172.5.C45 _bM54 1996 |
| 082 | 0 | 0 |
_a003.85 _220 _bFLU |
| 245 | 0 | 0 |
_aFluctuations and order : _bthe new synthesis / _cMark Millonas, editor. |
| 260 |
_aNew York : _bSpringer, _cc1996. |
||
| 300 |
_axx, 454 p. : _bill. ; _c24 cm. |
||
| 500 | _a"Institute for Nonlinear Science." | ||
| 504 | _aIncludes bibliographical references and index. | ||
| 650 | 0 |
_aChaotic behavior in systems. _97365 |
|
| 650 | 0 |
_aNoise. _97366 |
|
| 650 | 0 |
_aFluctuations (Physics) _97367 |
|
| 650 | 0 |
_aOrder-disorder models. _97368 |
|
| 700 | 1 |
_aMillonas, Mark. _97369 |
|
| 710 | 2 |
_aInstitute for Nonlinear Science. _97370 |
|
| 856 | 4 | 2 |
_3Publisher description _uhttp://www.loc.gov/catdir/enhancements/fy0815/95044878-d.html |
| 942 |
_2ddc _cBB |
||
| 999 |
_c12151 _d12151 |
||